Представление документа в формате RUSMARC

ПолеНазваниеЗначение
  Тип записи a
  Библиографический уровень m
001 Контрольный номер RU/УГОНБ/EK/43525
005 Дата корректировки 20260703164027.3
010 Индекс ISBN __
a ISBN 5-7088-0528-5
d Цена 3 р. 75 к.
9 Тираж 1100 экз.
100 Данные общей обработки __
a Данные общей обработки 19930312d1992 u u0rusy0189 ca
101 Язык документа 0_
a Язык текста rus
102 Страна публикации __
a Страна публикации RU
105 Кодированные данные (монография) __
a Кодированные данные (монография) y z 000yy
200 Заглавие и сведения об ответственности 1_
a Заглавие Фирменная торговля в легкой промышленности
f Первые сведения об ответственности А. А. Бирюков, М. Л. Новиков, А. А. Литвинюк, М. А. Горин
210 Выходные данные 1_
a Место издания Москва
c Издательство Легпромбытиздат
d Дата издания 1992
215 Физическое описание __
a Объем 191 с.
d Формат 20 см
300 Общие примечания __
a Общие примечания Авт. указ. на обороте тит. л.
606 Тематические рубрики 0_
a Основная рубрика Легкая промышленность
x Основная подрубрика Продукция
x Основная подрубрика Торговля фирменная
610 Ключевые слова 0_
a Ключевые слова легкая промышленность; фирменная торговля; продукция легкой промышленности
686 Индексы других классификаций __
a Классификационный индекс 65.9(2)421.52
2 Код системы rubbk
701 Альтернативная интеллектуальная ответственность _1
a Фамилия Бирюков
b Имя (инициалы) А. А.
701 Альтернативная интеллектуальная ответственность _1
a Фамилия Новиков
b Имя (инициалы) М. Л.
701 Альтернативная интеллектуальная ответственность _1
a Фамилия Литвинюк
b Имя (инициалы) А. А.
701 Альтернативная интеллектуальная ответственность _1
a Фамилия Горин
b Имя (инициалы) М. А.
801 Источник записи _0
a Страна RU
b Организация Ульяновская ОНБ
c Дата составления 19930312
g Правила каталогизации RCR
801 Источник записи _1
a Страна RU
b Организация Ульяновская ОНБ
c Дата составления 19930312
g Правила каталогизации RCR
901 Тип документа __
t Тип документа m
910 Корректоры записи __
a Корректор записи Седова
b Дата внесения изменения в запись 20260703